Trivia Crack - Statistics

General Stats
  • This quiz has been taken 76 times
  • The average score is 18 of 36
Answer Stats
Category Hint Answer % Correct
Geography What is the only formerly Portuguese country in South America? Brazil
86%
Geography What is the largest island in the Caribbean Sea? Cuba
79%
Geography In what body of water would you find the islands of Sicily, Corsica, Sardinia, Crete, and Cyprus? Mediterranean Sea
79%
Geography In which country would you find the city of Manila? Philippines
78%
Sports What sport involves sliding large stones on ice and using brooms to sweep the ice? Curling
72%
Geography What is the capital of Iran? Tehran
72%
Sports What is the biggest race in cycling? Tour de France
72%
Art Who painted The Last Supper? Leonardo da Vinci
71%
History Whose death was considered to be one of the main reasons World War 1 started? Franz Ferdinand
69%
History In which war did the Greeks use a large wooden horse to enter an enemy city? Trojan War
69%
Art Who painted The Starry Night? Vincent van Gogh
69%
Entertainment Which movie has the highest gross income of all time? Avatar
67%
History Who was the third president of the United States? Thomas Jefferson
66%
Science What's it called when a gas turns into a liquid? Condensation
62%
Sports What term is used to mean zero when scoring in tennis? Love
62%
Geography What is the fourth most populated country in the world? Indonesia
60%
Sports Who had the second most gold medals in the 2020 Tokyo Olympics? China
59%
History What document was created in 1215 to limit the power of King John? The Magna Carta
59%
Entertainment Which album contains the songs "Billie Jean" and "Beat It?" Thriller
57%
Entertainment Which Shakespeare play has its setting in Denmark? Hamlet
55%
Sports Who won the FIFA World Cup in 2018? France
47%
Art What are the Gothic statues that depict creatures and are often found on Gothic buildings? Gargoyles
45%
Sports Which Major League Baseball team was won the most World Series? New York Yankees
41%
Entertainment What is the name of the coffee shop in Friends? Central Perk
38%
Science Who worked with garden peas to test how traits were passed along generations? Gregor Mendel
34%
Art The typical drums in a drum set are the bass drum, the tom-tom, the floor tom, and the _____. Snare
34%
Science What is the seventh element on the Periodic Table? Nitrogen
33%
Entertainment Who defeated Darth Maul in Star Wars: The Phantom Menace? Obi Wan Kenobi
33%
History Who led the Spanish to defeat the Aztecs? Hernándo Cortés
29%
Science What term describes that an object will continue in its state of rest or motion until acted on by an outside force? Inertia
26%
Entertainment What smells are described in “Don’t Stop Believin’?” Wine and Cheap Perfume
22%
Art Red-violet, blue-green, and yellow-orange are examples of what type of color? Tertiary
16%
Art What is it called when you mix white with a color, which increases lightness? Tint
16%
Science What is the group of elements in column 1 of the Periodic Table called? Alkali Metals
12%
History Which civilization invented the wheel? Sumerians
10%
Science What type of graph tracks average monthly temperature and monthly precipitation over the course of a year? Climograph
5%
No matching quizzes found
Score Distribution
Percent of People with Each Score
Percentile by Number Answered
Your Score History
You have not taken this quiz